[Event "Reykjavik op"]
[Site "Reykjavik"]
[Date "2019.04.09"]
[Round "3"]
[White "Hrafnsson, Hreinn"]
[Black "Kuehnemund, Lutz"]
[Result "0-1"]
[WhiteElo "1659"]
[BlackElo "1979"]
[PlyCount "64"]
[EventDate "2019.04.08"]
[EventType "swiss"]
[EventRounds "9"]
[EventCountry "ISL"]
[SourceTitle "CBM 189 Extra"]
[Source "ChessBase"]
[SourceDate "2019.06.03"]
[SourceVersion "1"]
[SourceVersionDate "2019.06.03"]
[SourceQuality "1"]

1. d4 Nf6 2. c4 g6 3. Nc3 d5 4. e3 Bg7 5. Nf3 0-0 6. Bd3 c6 7. c5 Nbd7 8. 0-0 e5 9. dxe5 Ng4 10. b4 Ndxe5 11. Bb2 Nxf3+ 12. Qxf3 Ne5 13. Qe2 Bg4 14. f3 Nxd3 15. Qxd3 Bf5 16. Qd2 Qg5 17. Rad1 a5 18. f4 Qe7 19. bxa5 Qxc5 20. Na4 Qxa5 21. Bxg7 Qxd2 22. Rxd2 Kxg7 23. Nc3 Rfe8 24. Kf2 Ra3 25. Rc1 Rea8 26. h3 h5 27. Kf3 h4 28. Rb2 b5 29. Ne2 Rxa2 30. Rxa2 Rxa2 31. Rxc6 Be4+ 32. Kf2 Bd3 0-1

[Event "Reykjavik op"]
[Site "Reykjavik"]
[Date "2018.03.07"]
[Round "2"]
[White "Hrafnsson, Hreinn"]
[Black "Thorisson, Bjartur"]
[Result "1-0"]
[WhiteElo "1637"]
[BlackElo "1022"]
[PlyCount "77"]
[EventDate "2018.03.06"]
[EventType "swiss"]
[EventRounds "9"]
[EventCountry "ISL"]
[SourceTitle "CBM 183 Extra"]
[Source "ChessBase"]
[SourceDate "2018.04.19"]
[SourceVersion "1"]
[SourceVersionDate "2018.04.19"]
[SourceQuality "1"]

1. d4 d5 2. c4 e6 3. Nc3 Nf6 4. e3 Nbd7 5. Nf3 b6 6. cxd5 exd5 7. Bd3 Be7 8. Qc2 0-0 9. Ne5 Bb7 10. 0-0 Rc8 11. Nxd7 Qxd7 12. Bf5 Qd6 13. Bxc8 Rxc8 14. Nb5 Qd7 15. Nc3 c5 16. Qe2 Qe6 17. Bd2 Ne4 18. Nxe4 Qxe4 19. dxc5 bxc5 20. Rac1 d4 21. f3 d3 22. Qe1 Qe5 23. Bc3 Qd6 24. Qg3 Qxg3 25. hxg3 c4 26. Rfd1 Bc5 27. Bd2 Ba6 28. b3 cxb3 29. axb3 Bb6 30. Rxc8+ Bxc8 31. Bc3 Ba6 32. Bd4 Bxd4 33. exd4 Kf8 34. Kf2 Ke7 35. Ke3 Kd6 36. Ra1 Bb5 37. Rxa7 Ke6 38. Rb7 Ba6 39. Rb6+ 1-0

[Event "Reykjavik op"]
[Site "Reykjavik"]
[Date "2016.03.13"]
[Round "7"]
[White "Hrafnsson, Hreinn"]
[Black "Gislason, Jason Andri"]
[Result "0-1"]
[WhiteElo "1651"]
[BlackElo "1319"]
[PlyCount "54"]
[EventDate "2016.03.08"]
[EventType "swiss"]
[EventRounds "10"]
[EventCountry "ISL"]
[SourceTitle "CBM 171 Extra"]
[Source "ChessBase"]
[SourceDate "2016.04.26"]
[SourceVersion "1"]
[SourceVersionDate "2016.04.26"]
[SourceQuality "1"]

1. Nf3 Nf6 2. d4 g6 3. g3 Bg7 4. Bg2 0-0 5. 0-0 d6 6. c4 c6 7. Nc3 Nbd7 8. e4 e5 9. d5 cxd5 10. cxd5 Nc5 11. Nd2 a5 12. Nc4 Ne8 13. f4 exf4 14. Bxf4 Bxc3 15. bxc3 b5 16. Ne3 g5 17. Qh5 gxf4 18. Rxf4 Ng7 19. Qh6 f5 20. Rh4 Rf7 21. Qxh7+ Kf8 22. Rf1 Qg5 23. Qh8+ Ke7 24. Nxf5+ Nxf5 25. Rhf4 Nh6 26. e5 Rxf4 27. gxf4 Qxg2+ 0-1

[Event "Reykjavik op"]
[Site "Reykjavik"]
[Date "2016.03.12"]
[Round "6"]
[White "Hielscher, Ursula"]
[Black "Hrafnsson, Hreinn"]
[Result "1-0"]
[WhiteElo "1875"]
[BlackElo "1651"]
[PlyCount "115"]
[EventDate "2016.03.08"]
[EventType "swiss"]
[EventRounds "10"]
[EventCountry "ISL"]
[SourceTitle "CBM 171 Extra"]
[Source "ChessBase"]
[SourceDate "2016.04.26"]
[SourceVersion "1"]
[SourceVersionDate "2016.04.26"]
[SourceQuality "1"]

1. d4 Nf6 2. Bg5 e6 3. e4 Be7 4. e5 Nd5 5. Bxe7 Nxe7 6. Bd3 d6 7. Nf3 0-0 8. c3 Ng6 9. exd6 cxd6 10. Qc2 f5 11. g3 Bd7 12. Nbd2 Nc6 13. 0-0-0 Rc8 14. Qb3 Kh8 15. Nc4 Qc7 16. Ne3 Na5 17. Qc2 Bc6 18. d5 Bd7 19. dxe6 Bxe6 20. Bxf5 Bxa2 21. Nd4 Qf7 22. Bxc8 Nb3+ 23. Nxb3 Bxb3 24. Qd3 Bxd1 25. Nxd1 Rxc8 26. Qxd6 Rf8 27. Re1 Qa2 28. Re6 Kg8 29. f4 Qa1+ 30. Kc2 Qa4+ 31. Kb1 Qa5 32. Ne3 Qd8 33. Qxd8 Rxd8 34. f5 Nf8 35. Re7 Rd7 36. Re5 Rd6 37. Ng4 Nd7 38. Re2 Kf7 39. Kc2 Rd5 40. Ne3 Re5 41. Kd3 Re8 42. Nc4 Nc5+ 43. Kd2 Rxe2+ 44. Kxe2 Kf6 45. g4 Kg5 46. Kf3 b6 47. Nd6 Na4 48. Ne4+ Kh4 49. g5 b5 50. f6 gxf6 51. gxf6 Nb6 52. Nc5 Nc4 53. Kf4 Nd6 54. Ke5 Nf7+ 55. Ke6 Ng5+ 56. Ke7 h5 57. Ne4 Nh7 58. f7 1-0